| 000 | 00942nam a2200433 a 4500 | ||
|---|---|---|---|
| 003 | OSt | ||
| 005 | 20140310183626.0 | ||
| 008 | 070509s19uu xx 00 eng d | ||
| 020 | _a0716666960 | ||
| 050 |
_aAE 5 _b.W66 1996 |
||
| 245 | _aThe World Book Encyclopedia. / | ||
| 260 |
_aU.S.A : _bWorld Book International, _c1996. |
||
| 300 |
_a526 p. : _c25 cm. _bcol. ill ; |
||
| 650 | _aEncyclopedias and dictionaries. | ||
| 942 |
_cBK _2lcc |
||
| 999 |
_c25521 _d25521 |
||